Japan electronics buyer' guide : With a review of electronics business machines and their specs - 1979

Spremljeno u:
Bibliografski detalji
Format: Knjiga
Jezik:Undetermined
Izdano: Tokyo Dempa 1979
Teme:
Oznake: Dodaj oznaku
Bez oznaka, Budi prvi tko označuje ovaj zapis!
Thư viện lưu trữ: Trung tâm Học liệu Trường Đại học Cần Thơ
LEADER 00520nam a2200169Ia 4500
001 CTU_98166
008 210402s9999 xx 000 0 und d
082 |a 338.47621 
082 |b J34/1979 
245 0 |a Japan electronics buyer' guide : 
245 0 |b With a review of electronics business machines and their specs - 1979 
260 |a Tokyo 
260 |b Dempa 
260 |c 1979 
650 |a Electronic apparatus and appliances,Electronics 
904 |i Truc 
980 |a Trung tâm Học liệu Trường Đại học Cần Thơ